000 00400nam a2200169Ia 4500
001 25334
003 IN-NITTTR
005 20251114233321.0
008 251113s9999||||xx |||||||||||||| ||eng||
040 _beng
040 _cIN-NITTTR
041 _aeng
082 _a005.1 F15S
100 _aFairley, Richard E.
245 0 _aSoftware engineering concepts /
_cFairley, Richard E.
942 _2ddc
_cBK
999 _c27963
_d27963